| 000 | 00716nam0a22002411 4500 | ||
|---|---|---|---|
| 001 | rc\716437 | ||
| 005 | 20250621224224.0 | ||
| 010 |
_a5-7813-0021-Х _920000 |
||
| 035 | _a(NLR Aleph) 005959854 | ||
| 090 |
_a6840104 _c6840104 |
||
| 100 | _a20031121d1997 |||y0rusy50 ca | ||
| 101 | 0 | _arus | |
| 102 | _aRU | ||
| 105 | _ay ||||||||| | ||
| 200 | 1 |
_aАстролог-чародей _e[Новый и полный оракул, удачно предсказывающий будущее] |
|
| 210 |
_aМ. _cКелвори _d1997 |
||
| 215 |
_a255, [1] с. _d20 |
||
| 225 | 1 | _aЭзотерика know how | |
| 801 | 0 |
_aRU _bNLR _gpsbo |
|
| 801 | 1 |
_aRU _bELAR _2rusmarc |
|
| 852 |
_aNLR _j97-3/5071 |
||
| 942 | _cBOOK | ||
| 980 | _aNB | ||